000
00208nam a22000857a 4500
008
170119b xxu||||| |||| 00| 0 eng d
100
_9
2513
_a
Arya.P.
245
_a
Looking Around EVS
260
_a
New Delhi
_b
APC
_c
2010
999
_c
5586
_d
5586